00753nam a22002177a 450000500170000001000150001702000260003203500130005803700130007108200120008410000200009624500630011626000440017927000360022330000260025950000500028570000200033594200260035599900170038195201370039820140313102126.0 aENG-109486 c150.00a9788183162715 aEN-93019 bDBAD/PUB a370.114 aCharles, Kiruba00aValue education /cby Kiruba Charlres [and] V. Arul Selvi aHyderabadbNeelkamal Publicationsc2012 aSultan BazarbHyderabade500095 aviii,212p.c22cm(pbk) aIncludes bibliographical references and index dArul Selvi, V.  2ddccENmCHAh370.114 c82803d82803 001040718NFICaDBADbDBADd2014-02-27eDBAD/PUBg150.00l0o370.114 CHApEN-93019r2014-02-27 00:00:00t1v150.00w2014-02-27yEN